[Event "4NCL Division 3"]
[Site "Daventry Court ENG"]
[Date "2015.05.04"]
[Round "11.55"]
[White "Walker, David J"]
[Black "Thorarinsson, Pall"]
[Result "1-0"]
[WhiteElo "2291"]
[BlackElo "2227"]
[PlyCount "101"]
[EventDate "2015.05.04"]

1. c4 c5 2. g3 g6 3. Bg2 Bg7 4. Nc3 Nc6 5. Nf3 Nf6 6. O-O O-O 7. d4 cxd4 8.
Nxd4 Nxd4 9. Qxd4 d6 10. Qd3 a6 11. Bd2 Rb8 12. a4 Nd7 13. Qc2 a5 14. Nd5 Nc5
15. Bc3 Bxc3 16. Qxc3 Bd7 17. b3 Bc6 18. h4 Bxd5 19. Bxd5 Qb6 20. Rab1 e6 21.
Bf3 f5 22. Rfd1 f4 23. Qd4 fxg3 24. fxg3 Rbd8 25. Kg2 Qc7 26. Qc3 b6 27. Qe3
Rf6 28. h5 gxh5 29. Bxh5 Nd7 30. Rd4 Rdf8 31. Rbd1 e5 32. Rh4 Nc5 33. Bf3 Qg7
34. Rdh1 Rg6 35. Bd5+ Kh8 36. R1h3 Rff6 37. Be4 Nxe4 38. Qxe4 h6 39. Qe3 Kh7
40. Qxb6 Rf5 41. Qe3 Rfg5 42. Qd3 Kh8 43. Rh5 Rg4 44. Qf3 Kh7 45. Rf5 Kh8 46.
Kh2 e4 47. Qe3 R6g5 48. Rxg5 Rxg5 49. Rh4 Qf6 50. Rxe4 Rh5+ 51. Kg2 1-0

[Event "4NCL Division 3"]
[Site "Daventry Court ENG"]
[Date "2015.05.04"]
[Round "11.57"]
[White "Dargan, Paul AG"]
[Black "Agnew, Alan"]
[Result "0-1"]
[WhiteElo "2136"]
[BlackElo "2093"]
[PlyCount "92"]
[EventDate "2015.05.04"]

1. e4 d6 2. d4 Nf6 3. Nc3 e5 4. Nf3 Nbd7 5. Bc4 Be7 6. O-O O-O 7. h3 c6 8. a4
a5 9. Re1 Nb6 10. Bf1 exd4 11. Nxd4 d5 12. e5 Ne8 13. Bd3 g6 14. Bh6 Ng7 15. f4
f5 16. Nf3 Re8 17. Bxg7 Kxg7 18. Ne2 c5 19. Bb5 Rf8 20. c3 Be6 21. Kh2 h6 22.
g3 Kh7 23. Bd3 Qd7 24. Bb5 Qd8 25. Bd3 Rc8 26. Rg1 Nc4 27. Rb1 Qd7 28. b3 Nb6
29. Bb5 Qc7 30. g4 Rcd8 31. g5 h5 32. Qc2 Nc8 33. Rgd1 Na7 34. c4 Nxb5 35. axb5
d4 36. Nc1 b6 37. Nd3 Qb7 38. Qe2 Ra8 39. Nb2 Qe4 40. Qxe4 fxe4 41. Nxd4 cxd4
42. Rxd4 Bc5 43. Rxe4 Bf5 44. Rbe1 Bxe4 45. Rxe4 Rad8 46. Na4 Rd2+ 0-1

[Event "4NCL Division 3"]
[Site "Daventry Court ENG"]
[Date "2015.05.04"]
[Round "11.58"]
[White "Farkas, Daniel"]
[Black "Tavoularis, Nick"]
[Result "1/2-1/2"]
[WhiteElo "2132"]
[BlackElo "2136"]
[PlyCount "191"]
[EventDate "2015.05.04"]

1. e4 d5 2. exd5 Qxd5 3. Nc3 Qd6 4. d4 Nf6 5. Nf3 a6 6. g3 Bg4 7. Bg2 e6 8. O-O
Nc6 9. Bf4 Qb4 10. Bxc7 Rc8 11. Be5 Qxb2 12. Na4 Qa3 13. Nb6 Rd8 14. Nc4 Qc3
15. Qd3 Qxd3 16. cxd3 Bf5 17. Rfd1 Nxe5 18. dxe5 Nd5 19. Nh4 Bg4 20. Re1 Bc5
21. h3 Bh5 22. g4 Bg6 23. Nxg6 hxg6 24. d4 Bxd4 25. Nd6+ Rxd6 26. exd6 Bxa1 27.
Bxd5 Bd4 28. Bxb7 Kd7 29. Kg2 a5 30. Rc1 Kxd6 31. Rc4 Bc5 32. Rc2 Rb8 33. Bf3
e5 34. Rd2+ Bd4 35. Rc2 Rb6 36. Be4 a4 37. Bd3 a3 38. Bc4 f5 39. gxf5 gxf5 40.
Bd3 e4 41. Bc4 Ke5 42. Re2 Rb4 43. Ba6 Kd5 44. f3 e3 45. Bd3 Ke5 46. Kg3 g5 47.
Re1 Rb2 48. Re2 Bc5 49. f4+ Kd4 50. Ba6 Bd6 51. Kf3 Bxf4 52. h4 Ke5 53. hxg5
Bxg5 54. Bd3 Rb6 55. Bc4 Kd4 56. Bg8 Rb1 57. Be6 Rb6 58. Bg8 Rb1 59. Be6 Rf1+
60. Kg2 Rf4 61. Bd7 Bh4 62. Bc8 Bf2 63. Bd7 Ke5 64. Rc2 Rg4+ 65. Kf3 Rg3+ 66.
Ke2 Rg1 67. Kf3 f4 68. Bc6 Bg3 69. Bb5 Rb1 70. Bc4 Kd4 71. Bf7 Rb7 72. Bg8 Rb2
73. Bh7 Rb1 74. Re2 Rc1 75. Bg6 Kc3 76. Be4 Kd4 77. Bg6 Rd1 78. Bf5 Rd2 79. Bg6
Kc3 80. Bf7 Kc2 81. Be6 Kc1 82. Bf7 Rb2 83. Be8 Rd2 84. Bf7 Rd1 85. Kg2 Rd7 86.
Bb3 Rd3 87. Be6 Rd6 88. Bb3 Rh6 89. Kf3 Rh1 90. Kg2 Rh2+ 91. Kf3 Rf2+ 92. Rxf2
Bxf2 93. Ke2 Bg3 94. Bc4 Kc2 95. Bd5 Kb2 96. Bc4 1/2-1/2

[Event "4NCL Division 3"]
[Site "Daventry Court ENG"]
[Date "2015.05.04"]
[Round "11.59"]
[White "Coathup, Roger H"]
[Black "Stevenson, James AB"]
[Result "1-0"]
[WhiteElo "2112"]
[BlackElo "2042"]
[PlyCount "77"]
[EventDate "2015.05.04"]

1. d4 e6 2. c4 Nf6 3. Nc3 Bb4 4. f3 c5 5. d5 Bxc3+ 6. bxc3 e5 7. e4 d6 8. Bd3
Qa5 9. Ne2 Nbd7 10. Qb3 h6 11. g4 Nb6 12. Qb5+ Qxb5 13. cxb5 Bd7 14. a4 g6 15.
a5 Nc8 16. Ng3 h5 17. h3 hxg4 18. hxg4 Rxh1+ 19. Nxh1 Nh7 20. g5 Kf8 21. Be3 f6
22. gxf6 Nxf6 23. Ng3 Ne7 24. Be2 Re8 25. Rb1 Nc8 26. b6 axb6 27. axb6 Ba4 28.
Bf1 Bd7 29. Ba6 Nxb6 30. Rxb6 bxa6 31. Rxd6 Ke7 32. Rxa6 Bc8 33. Bxc5+ Kf7 34.
Ra7+ Nd7 35. Bf2 Ke7 36. Rc7 Rh8 37. c4 Kd8 38. Rc6 Nf8 39. Bb6+ 1-0

[Event "4NCL Division 3"]
[Site "Daventry Court ENG"]
[Date "2015.05.04"]
[Round "11.60"]
[White "Millward, Kevin Philip"]
[Black "Henderson, David"]
[Result "0-1"]
[WhiteElo "2004"]
[BlackElo "2068"]
[PlyCount "58"]
[EventDate "2015.05.04"]

1. d3 e5 2. g3 d5 3. Bg2 Nf6 4. Nd2 Be7 5. e3 c5 6. Ne2 Nc6 7. O-O O-O 8. h3
Qc7 9. f4 exf4 10. Nxf4 Be6 11. g4 Rad8 12. Nf3 Ne5 13. Bd2 Bd6 14. Ng5 Qe7 15.
Qe2 Bc7 16. Rad1 Bc8 17. Nf3 Nexg4 18. Nxd5 Nxd5 19. hxg4 Bxg4 20. c4 Nf4 21.
Qf2 Nxd3 22. Qe2 Nf4 23. Qf2 Nh3+ 24. Bxh3 Bxh3 25. Rfe1 Rd6 26. Kh1 Qe4 27.
Rg1 Bg4 28. Kg2 Rg6 29. Kf1 Bxf3 0-1

[Event "4NCL Division 3"]
[Site "Daventry Court ENG"]
[Date "2015.05.04"]
[Round "11.65"]
[White "Maciol, Ryszard"]
[Black "Henderson, Ian R"]
[Result "1/2-1/2"]
[WhiteElo "2209"]
[BlackElo "2067"]
[PlyCount "129"]
[EventDate "2015.05.04"]

1. d4 d5 2. c4 Nc6 3. Bf4 Nf6 4. e3 Bf5 5. Bd3 Bxd3 6. Qxd3 dxc4 7. Qxc4 Qd5 8.
Qxd5 Nxd5 9. Bg3 e5 10. Nc3 Bb4 11. Nge2 exd4 12. exd4 O-O-O 13. O-O Rhe8 14.
Rfe1 g6 15. Rad1 Rxe2 16. Nxe2 Bxe1 17. Rxe1 Ndb4 18. Rd1 Nxa2 19. d5 Nab4 20.
Nc3 Ne7 21. d6 Nf5 22. Ra1 Nxg3 23. dxc7 Kxc7 24. hxg3 a6 25. Ra4 Nc6 26. Ne4
Rd4 27. Rxd4 Nxd4 28. Ng5 a5 29. Nxf7 a4 30. Kf1 b5 31. Ke1 Kc6 32. Kd2 Kc5 33.
Ne5 b4 34. Kd3 a3 35. bxa3 bxa3 36. Kc3 Kd5 37. Nd7 a2 38. Kb2 a1=Q+ 39. Kxa1
h6 40. Kb2 Ke4 41. Kc3 Ne6 42. Kc4 h5 43. Nf6+ Kf5 44. Nd5 Ke5 45. Nc3 Ng7 46.
Kd3 Nf5 47. Ne4 Kd5 48. Ng5 Ke5 49. Nf3+ Kd5 50. Nh4 Ne7 51. Ke3 Ke5 52. Nf3+
Kf5 53. Kd4 Nc6+ 54. Kc5 Ne7 55. Kd6 Nc8+ 56. Kd7 Nb6+ 57. Ke7 Nc4 58. Nh4+ Kg5
59. Nf3+ Kf5 60. Kf7 Nd6+ 61. Kg7 Ne4 62. Nh4+ Kg5 63. f4+ Kg4 64. Nxg6 Kxg3
65. f5 1/2-1/2

[Event "4NCL Division 3"]
[Site "Daventry Court ENG"]
[Date "2015.05.04"]
[Round "11.66"]
[White "Crombleholme, Alan K"]
[Black "Hoffmann, Hendrik"]
[Result "0-1"]
[WhiteElo "2094"]
[BlackElo "2161"]
[PlyCount "130"]
[EventDate "2015.05.04"]

1. d4 d6 2. Nf3 g6 3. c4 Nf6 4. Nc3 Bg7 5. e4 O-O 6. Be2 e5 7. O-O exd4 8. Nxd4
Re8 9. f3 Nc6 10. Be3 Nh5 11. f4 Nf6 12. Bf3 Bd7 13. Rc1 a6 14. Kh1 Na5 15. Qd3
Bg4 16. Bg1 c5 17. Nde2 Bxf3 18. Rxf3 b5 19. cxb5 axb5 20. e5 c4 21. Qd1 dxe5
22. Qxd8 Raxd8 23. Bb6 Ra8 24. Nxb5 Nd5 25. Bxa5 Rxa5 26. Nd6 e4 27. Ra3 Rxa3
28. bxa3 Ra8 29. Nxc4 Ra4 30. Nd6 Rxa3 31. Nxe4 Rxa2 32. Rc8+ Bf8 33. Ng1 Nxf4
34. g3 Nd5 35. Rd8 Ne3 36. Re8 Ng4 37. Nf3 Kg7 38. h3 Ne3 39. g4 Nd5 40. g5 Ra6
41. Rd8 Re6 42. Nfd2 Re5 43. h4 Be7 44. Re8 Ne3 45. Ng3 Bd6 46. Rxe5 Bxe5 47.
Nge4 f5 48. gxf6+ Bxf6 49. Nf3 Nf5 50. Nxf6 Kxf6 51. Kh2 Nd6 52. Kh3 Kf5 53.
Nd4+ Ke5 54. Nf3+ Kf4 55. Ng5 h6 56. Ne6+ Ke5 57. Nf8 Kf6 58. Kg4 Nc4 59. Nd7+
Ke7 60. Nc5 Kd6 61. Nd3 Ne5+ 62. Nxe5 Kxe5 63. Kg3 Kf5 64. Kf3 h5 65. Kg3 Ke4
0-1

[Event "4NCL Division 3"]
[Site "Daventry Court ENG"]
[Date "2015.05.04"]
[Round "11.67"]
[White "Pedersen, Carsten"]
[Black "Shepherd, Paul D"]
[Result "1/2-1/2"]
[WhiteElo "2164"]
[BlackElo "2009"]
[PlyCount "29"]
[EventDate "2015.05.04"]

1. e4 c5 2. Nc3 e6 3. g3 d5 4. Bg2 dxe4 5. Nxe4 Be7 6. d3 Nf6 7. Ne2 Nc6 8.
N2c3 Nxe4 9. Nxe4 Qc7 10. O-O b6 11. Qg4 Kf8 12. Ng5 Bxg5 13. Qxg5 Bb7 14. Bf4
Qe7 15. Qxe7+ 1/2-1/2

[Event "4NCL Division 3"]
[Site "Daventry Court ENG"]
[Date "2015.05.04"]
[Round "11.68"]
[White "Faulks, Nick W"]
[Black "Kemp, Peter"]
[Result "1-0"]
[WhiteElo "2037"]
[BlackElo "2190"]
[PlyCount "70"]
[EventDate "2015.05.04"]

1. e4 e5 2. Nc3 Nf6 3. Bc4 Bc5 4. d3 d6 5. f4 Nc6 6. Nf3 a6 7. Rf1 h6 8. Qe2
Bg4 9. Be3 Bxe3 10. Qxe3 exf4 11. Qxf4 Qd7 12. O-O-O b5 13. e5 dxe5 14. Nxe5
Nxe5 15. Qxe5+ Kf8 16. Rxf6 gxf6 17. Qxf6 Rh7 18. Bd5 Rd8 19. Be4 Rg7 20. Rf1
Qd6 21. Qh4 Re8 22. Nd5 Re5 23. h3 Rxd5 24. Bxd5 Qxd5 25. hxg4 Kg8 26. Qxh6
Qxg2 27. Rh1 Kf8 28. Qh4 Qd5 29. Qh8+ Rg8 30. Qh6+ Rg7 31. Re1 Qg5+ 32. Qxg5
Rxg5 33. Re4 Kg7 34. Kd2 Kg6 35. Ke3 Kf6 1-0

[Event "4NCL Division 3"]
[Site "Daventry Court ENG"]
[Date "2015.05.04"]
[Round "11.69"]
[White "Quinn, John"]
[Black "Fenwick, Hugh F"]
[Result "1-0"]
[WhiteElo "2125"]
[BlackElo "1880"]
[PlyCount "55"]
[EventDate "2015.05.04"]

1. d4 e6 2. c4 f5 3. g3 Nf6 4. Bg2 Be7 5. Nf3 O-O 6. O-O d6 7. b3 Ne4 8. Bb2
Nd7 9. Nc3 Ndf6 10. Nxe4 Nxe4 11. Ne1 Qe8 12. Qc2 Qg6 13. f3 Nf6 14. Nd3 Nh5
15. e4 f4 16. g4 Nf6 17. Nxf4 Qh6 18. Nd3 Bd7 19. Rae1 Rf7 20. e5 Ne8 21. f4 c6
22. Qe2 Bh4 23. Rd1 Be7 24. Bc1 d5 25. f5 Qh4 26. Nf4 Nc7 27. Rd3 Bb4 28. f6
1-0

[Event "4NCL Division 3"]
[Site "Daventry Court ENG"]
[Date "2015.05.04"]
[Round "11.70"]
[White "Alcock, Graham P"]
[Black "Haldane, Robin W"]
[Result "1-0"]
[WhiteElo "1892"]
[BlackElo "2025"]
[PlyCount "55"]
[EventDate "2015.05.04"]

1. e4 e5 2. Nf3 Nc6 3. Bc4 Nf6 4. Ng5 Bc5 5. Nxf7 Bxf2+ 6. Kf1 Qe7 7. Nxh8 d5
8. exd5 Bg4 9. Be2 Bxe2+ 10. Qxe2 Nd4 11. Qd1 O-O-O 12. d3 Nxd5 13. Qg4+ Kb8
14. Bg5 Rf8 15. Nd2 Bh4+ 16. Nf3 Bxg5 17. Re1 Nxc2 18. Ke2 Bh6 19. Qe4 Nxe1 20.
Rxe1 Nf4+ 21. Kd1 Nxg2 22. Nxe5 Qd6 23. Nhf7 Qe6 24. Qxg2 Bf4 25. Qxg7 Re8 26.
Nf3 Be3 27. N7e5 Bh6 28. Qxh7 1-0

[Event "4NCL Division 3"]
[Site "Daventry Court ENG"]
[Date "2015.05.04"]
[Round "11.75"]
[White "Buckley, David E"]
[Black "Hall, John"]
[Result "1-0"]
[WhiteElo "2285"]
[BlackElo "2216"]
[PlyCount "71"]
[EventDate "2015.05.04"]

1. d4 Nf6 2. c4 c5 3. d5 e6 4. Nc3 exd5 5. cxd5 d6 6. Nf3 g6 7. Bf4 a6 8. a4
Bg7 9. h3 O-O 10. e3 Qe7 11. Be2 Nbd7 12. O-O Ne8 13. Nd2 Ne5 14. Bg3 f5 15.
Re1 g5 16. f4 Ng6 17. Nc4 gxf4 18. exf4 Qd8 19. a5 Rb8 20. Bd3 Bd4+ 21. Kh2 Ng7
22. Ra3 Re8 23. Rxe8+ Nxe8 24. Qc2 Ng7 25. Ne2 Bf6 26. Be1 Bd7 27. Nxd6 Nxf4
28. Nxf4 Be5 29. Nxf5 Bxf5 30. Bxf5 Bxf4+ 31. g3 Be5 32. Bxh7+ Kh8 33. Be4 Qe7
34. Qd2 Qh4 35. Bg6 Rf8 36. Ra4 1-0

[Event "4NCL Division 3"]
[Site "Daventry Court ENG"]
[Date "2015.05.04"]
[Round "11.76"]
[White "McGann, Gary"]
[Black "Russell, Chris"]
[Result "1/2-1/2"]
[WhiteElo "2192"]
[BlackElo "2185"]
[PlyCount "21"]
[EventDate "2015.05.04"]

1. d4 e6 2. Bf4 Nf6 3. Nf3 b6 4. e3 Bb7 5. Nbd2 Be7 6. h3 c5 7. c3 O-O 8. Bd3
d5 9. Ne5 Nbd7 10. O-O Ne4 11. Nxd7 1/2-1/2

[Event "4NCL Division 3"]
[Site "Daventry Court ENG"]
[Date "2015.05.04"]
[Round "11.77"]
[White "Hosken, Nigel K"]
[Black "Deighton, Simon"]
[Result "1/2-1/2"]
[WhiteElo "2113"]
[BlackElo "2095"]
[PlyCount "36"]
[EventDate "2015.05.04"]

1. d4 Nf6 2. c4 g6 3. Nc3 Bg7 4. e4 d6 5. Be2 O-O 6. Bg5 Na6 7. Qd2 e5 8. d5
Nc5 9. f3 a5 10. g4 c6 11. h4 cxd5 12. cxd5 Bd7 13. Nh3 b5 14. Nf2 Qb6 15. O-O
b4 16. Ncd1 Bb5 17. Be3 Nfd7 18. Nd3 Rac8 1/2-1/2

[Event "4NCL Division 3"]
[Site "Daventry Court ENG"]
[Date "2015.05.04"]
[Round "11.78"]
[White "Birkin, Mark"]
[Black "Meadows, Mike"]
[Result "1-0"]
[WhiteElo "2125"]
[BlackElo "2035"]
[PlyCount "113"]
[EventDate "2015.05.04"]

1. e4 d5 2. exd5 Qxd5 3. d4 Nf6 4. c4 Qd8 5. Nf3 c6 6. Be2 Bg4 7. O-O e6 8. h3
Bh5 9. Nc3 Be7 10. Be3 O-O 11. a3 Nbd7 12. d5 exd5 13. cxd5 cxd5 14. Nxd5 Bxf3
15. Bxf3 Ne5 16. Nxf6+ Bxf6 17. Bxb7 Rb8 18. Ba6 Rxb2 19. Qxd8 Rxd8 20. Rfd1
Rbb8 21. Rab1 Nc6 22. Rxd8+ Bxd8 23. Rc1 Ne7 24. Bc5 Nc6 25. a4 Na5 26. Bxa7
Ra8 27. Rc8 Rxc8 28. Bxc8 Kf8 29. Bc5+ Ke8 30. Bf5 g6 31. Be4 Kd7 32. Bd5 f6
33. Bg8 Be7 34. Bb6 Nc6 35. Bxh7 g5 36. Bf5+ Kd6 37. a5 Nb4 38. Be4 Na6 39. Bb7
Nb4 40. Be4 Na6 41. Bb7 Nc7 42. a6 Nxa6 43. Bxa6 Ke6 44. Kf1 f5 45. Bc8+ Kf6
46. Ke2 Bd6 47. Bd8+ Kg6 48. Bd7 Bc5 49. f3 Bb4 50. Kd3 Bd6 51. Be8+ Kh6 52.
Kc4 Bf4 53. Kd5 Bg3 54. Ke6 Bf4 55. Kxf5 Bd2 56. Bg6 Bc1 57. Be7 1-0

[Event "4NCL Division 3"]
[Site "Daventry Court ENG"]
[Date "2015.05.04"]
[Round "11.79"]
[White "Thompson, Rob"]
[Black "Taylor, Mark"]
[Result "1-0"]
[WhiteElo "2027"]
[BlackElo "1990"]
[PlyCount "61"]
[EventDate "2015.05.04"]

1. Nf3 e6 2. c4 f5 3. d4 Nf6 4. g3 Be7 5. Bg2 O-O 6. O-O d6 7. b4 a5 8. b5 Ne4
9. Bb2 Bf6 10. Nbd2 Nxd2 11. Qxd2 Qe8 12. a4 Nd7 13. Bc3 Nb6 14. Qa2 e5 15.
dxe5 dxe5 16. Rac1 Kh8 17. c5 Be6 18. Qa1 Nc4 19. Nxe5 Nxe5 20. Bxe5 Qh5 21.
Bxb7 Rae8 22. Bf3 Qh3 23. Bg2 Qh5 24. Bxf6 Rxf6 25. e3 f4 26. exf4 Bh3 27. Rfe1
Bxg2 28. Kxg2 Qd5+ 29. Kg1 Rfe6 30. Rxe6 Qxe6 31. Qc3 1-0

[Event "4NCL Division 3"]
[Site "Daventry Court ENG"]
[Date "2015.05.04"]
[Round "11.80"]
[White "Bourne, Iain"]
[Black "Humphreys, Jerry"]
[Result "1-0"]
[WhiteElo "2020"]
[BlackElo "2056"]
[PlyCount "99"]
[EventDate "2015.05.04"]

1. d4 Nf6 2. c4 g6 3. f3 d5 4. cxd5 Nxd5 5. e4 Nb6 6. Nc3 Bg7 7. Be3 O-O 8. Qd2
Nc6 9. O-O-O e5 10. d5 Nd4 11. f4 c5 12. fxe5 Bg4 13. Re1 Bxe5 14. h3 Qh4 15.
Bd3 Rac8 16. Rf1 Bd7 17. Nf3 Nxf3 18. gxf3 Qe7 19. Kb1 a6 20. h4 Na4 21. f4
Nxc3+ 22. bxc3 Bg7 23. h5 c4 24. Bc2 b5 25. e5 Qa3 26. Be4 b4 27. Qb2 Qxb2+ 28.
Kxb2 Rb8 29. cxb4 Rxb4+ 30. Kc3 Ra4 31. Rf2 Ra3+ 32. Kd4 Rc8 33. hxg6 hxg6 34.
Rc1 c3 35. Bc2 Rxa2 36. Bb3 Ra3 37. Rxc3 Rb8 38. Bc4 Ra4 39. Ra2 Rxa2 40. Bxa2
Kf8 41. Rc7 Ke8 42. Bc4 a5 43. d6 Rd8 44. Ra7 a4 45. Bf2 Bf5 46. Bxf7+ Kf8 47.
Bc4 Rxd6+ 48. Kc5 Rd7 49. Ra8+ Ke7 50. Bh4+ 1-0

[Event "4NCL Division 3"]
[Site "Daventry Court ENG"]
[Date "2015.05.04"]
[Round "11.85"]
[White "Cooper, Lawrence H"]
[Black "Polaczek, Richard"]
[Result "1/2-1/2"]
[WhiteElo "2337"]
[BlackElo "2434"]
[PlyCount "47"]
[EventDate "2015.05.04"]

1. e4 e6 2. d4 d5 3. Nd2 Nc6 4. Ngf3 Nf6 5. e5 Nd7 6. Bd3 f6 7. exf6 Qxf6 8.
Nf1 e5 9. Ne3 Nxd4 10. Nxd4 exd4 11. Nxd5 Qe5+ 12. Qe2 Kd8 13. Qxe5 Nxe5 14.
Bg5+ Kd7 15. O-O-O Nxd3+ 16. Rxd3 c5 17. Re1 Kc6 18. Ne7+ Bxe7 19. Rxe7 Rf8 20.
Bh4 g5 21. Bg3 h5 22. h4 gxh4 23. Bxh4 Rg8 24. Rg3 1/2-1/2

[Event "4NCL Division 3"]
[Site "Daventry Court ENG"]
[Date "2015.05.04"]
[Round "11.86"]
[White "Dilleigh, Stephen P"]
[Black "Meszaros, Gyula"]
[Result "1/2-1/2"]
[WhiteElo "2106"]
[BlackElo "2267"]
[PlyCount "51"]
[EventDate "2015.05.04"]

1. Nf3 e6 2. c4 d5 3. d4 c6 4. Nbd2 f5 5. g3 Nd7 6. Bg2 Bd6 7. Qc2 Qf6 8. e3
Ne7 9. b3 O-O 10. Bb2 a5 11. O-O g5 12. Ne1 Qh6 13. f4 Qh5 14. Nef3 h6 15. Ne5
Nf6 16. Qd1 Qe8 17. Ndf3 g4 18. Ne1 h5 19. N1d3 Kg7 20. Bc3 Ne4 21. Be1 Ba3 22.
Qc2 Rh8 23. Nf2 Nf6 24. Nfd3 Ne4 25. Nf2 Nf6 26. Nfd3 1/2-1/2

[Event "4NCL Division 3"]
[Site "Daventry Court ENG"]
[Date "2015.05.04"]
[Round "11.87"]
[White "Devangi, Patankar"]
[Black "Hughes, Roy"]
[Result "1/2-1/2"]
[WhiteElo "2100"]
[BlackElo "2147"]
[PlyCount "108"]
[EventDate "2015.05.04"]

1. e4 d5 2. exd5 Qxd5 3. Nc3 Qd6 4. d4 Nf6 5. Bc4 a6 6. Nf3 b5 7. Be2 Bb7 8.
Bg5 Nbd7 9. a3 e6 10. Qd2 c5 11. dxc5 Qxd2+ 12. Bxd2 Bxc5 13. O-O Rc8 14. a4 b4
15. Na2 Nd5 16. c4 bxc3 17. bxc3 Bd6 18. Rfb1 Nc5 19. Nb4 Nf4 20. Bxf4 Bxf4 21.
Nd3 Bxf3 22. gxf3 Nxd3 23. Bxd3 a5 24. c4 O-O 25. Rb5 Bd2 26. Rd1 Bb4 27. Be2
g6 28. Rc1 Rfd8 29. Rc2 Rc7 30. f4 Rd4 31. c5 Kf8 32. c6 Ke7 33. Rb7 Kd6 34. f5
exf5 35. Bb5 h6 36. Re2 Re4 37. Rxe4 fxe4 38. Kf1 f5 39. Rb8 Ke5 40. Rg8 Kf6
41. Rd8 f4 42. Rd7 Rxd7 43. cxd7 Be7 44. Bc6 Ke5 45. f3 exf3 46. Bxf3 h5 47. h3
Kd6 48. Be4 g5 49. Bg6 g4 50. Bxh5 gxh3 51. Bg4 Kc5 52. Bxh3 Kb4 53. Kf2 Kxa4
54. Kf3 Kb4 1/2-1/2

[Event "4NCL Division 3"]
[Site "Daventry Court ENG"]
[Date "2015.05.04"]
[Round "11.88"]
[White "Moore, Gerald"]
[Black "Dengler, Dijana"]
[Result "1/2-1/2"]
[WhiteElo "2057"]
[BlackElo "2070"]
[PlyCount "39"]
[EventDate "2015.05.04"]

1. Nf3 d5 2. g3 Nf6 3. Bg2 g6 4. O-O Bg7 5. c4 c6 6. b3 Ne4 7. d4 O-O 8. Bb2
Nd7 9. Nc3 Nxc3 10. Bxc3 Nf6 11. Rc1 Ne4 12. cxd5 cxd5 13. Bb4 Be6 14. a4 Re8
15. e3 Rc8 16. Qd3 Bf6 17. Nd2 Nxd2 18. Bxd2 Qd7 19. Rxc8 Rxc8 20. Rc1 1/2-1/2

[Event "4NCL Division 3"]
[Site "Daventry Court ENG"]
[Date "2015.05.04"]
[Round "11.89"]
[White "Manelidou, Maria"]
[Black "McEwan, Ken B"]
[Result "1-0"]
[WhiteElo "2055"]
[BlackElo "2074"]
[PlyCount "55"]
[EventDate "2015.05.04"]

1. e4 e5 2. Nf3 Nc6 3. d4 exd4 4. Nxd4 d6 5. Nc3 Be7 6. Be3 Nxd4 7. Bxd4 Bf6 8.
Bc4 Be6 9. Bd5 c6 10. Bb3 Bxb3 11. axb3 Bxd4 12. Qxd4 Qf6 13. Qb4 Qe7 14. O-O
Nf6 15. Rfd1 c5 16. Qb5+ Kf8 17. Qd3 Ne8 18. Nd5 Qd8 19. Ne3 Qf6 20. Qd5 Rb8
21. Rxa7 g6 22. Rxb7 Rxb7 23. Qxb7 Qxb2 24. Qd5 Kg7 25. Qd3 Nf6 26. Nc4 Qa2 27.
Qc3 Rd8 28. Ra1 1-0

[Event "4NCL Division 3"]
[Site "Daventry Court ENG"]
[Date "2015.05.04"]
[Round "11.90"]
[White "Bin-Suhayl, Ieysaa"]
[Black "Ashworth, Michael J"]
[Result "0-1"]
[WhiteElo "1952"]
[BlackElo "2095"]
[PlyCount "140"]
[EventDate "2015.05.04"]

1. Nf3 Nf6 2. c4 g6 3. d4 Bg7 4. Nc3 O-O 5. e4 d6 6. Be2 e5 7. d5 Nbd7 8. Be3
Ng4 9. Bg5 f6 10. Bh4 Qe8 11. Nb5 Qd8 12. Nfd4 Nxf2 13. Ne6 Nxd1 14. Nxd8 Rxd8
15. Nxc7 Rb8 16. Rxd1 Nc5 17. Bf2 b6 18. Bxc5 bxc5 19. b3 f5 20. Nb5 fxe4 21.
Nxa7 Rf8 22. Nb5 Rb6 23. Nc3 e3 24. Bf3 Bf5 25. Ke2 Bh6 26. g4 e4 27. gxf5
exf3+ 28. Kxf3 Rxf5+ 29. Ke2 Rf2+ 30. Kd3 Rb8 31. Ne2 Kf7 32. Rhf1 Ke7 33. Rxf2
exf2 34. Rf1 Ra8 35. a4 Rb8 36. Kc2 Be3 37. Nc3 Rf8 38. Kd3 Bd4 39. Ne4 Rf3+
40. Kc2 Re3 41. Nd2 Re1 42. Kd3 Be3 43. h4 h6 44. a5 Bxd2 45. Rxf2 Bxa5 46. Rg2
Kf6 47. Rf2+ Kg7 48. h5 g5 49. b4 Bxb4 50. Ra2 g4 51. Ra7+ Kf6 52. Rd7 g3 53.
Rxd6+ Kf7 54. Rg6 Rc1 55. Rg4 Rc3+ 56. Ke2 g2 57. Kf2 Rc2+ 58. Kf3 Bc3 59. Rxg2
Rxg2 60. Kxg2 Kf6 61. Kf3 Ke5 62. Ke3 Ba5 63. Kd3 Bc7 64. Ke3 Bd6 65. Kd3 Kf4
66. Kc3 Ke3 67. Kb3 Kd4 68. Ka4 Kxc4 69. Ka5 Kxd5 70. Ka4 c4 0-1

[Event "4NCL Division 3"]
[Site "Daventry Court ENG"]
[Date "2015.05.04"]
[Round "11.95"]
[White "Fallowfield, Jeremy"]
[Black "Ross, Chris N"]
[Result "1/2-1/2"]
[WhiteElo "2072"]
[BlackElo "2174"]
[PlyCount "54"]
[EventDate "2015.05.04"]

1. d4 g6 2. e4 Bg7 3. c4 d6 4. Nc3 Nf6 5. f3 O-O 6. Be3 c6 7. Nge2 e5 8. Qd2 a6
9. d5 cxd5 10. cxd5 Ne8 11. g4 f5 12. gxf5 gxf5 13. Bg5 Bf6 14. exf5 Bxf5 15.
h4 Nd7 16. Ng3 Bxg5 17. hxg5 Bg6 18. Bd3 Rf4 19. Bxg6 hxg6 20. Qh2 Ng7 21.
O-O-O Rc8 22. Kb1 Kf7 23. Nce4 Nc5 24. Ne2 Rf5 25. N2g3 Rf4 26. Ne2 Rf5 27.
N2g3 Rf4 1/2-1/2

[Event "4NCL Division 3"]
[Site "Daventry Court ENG"]
[Date "2015.05.04"]
[Round "11.96"]
[White "Burrows, Martin P"]
[Black "Page, Mark"]
[Result "1/2-1/2"]
[WhiteElo "2136"]
[BlackElo "2093"]
[PlyCount "59"]
[EventDate "2015.05.04"]

1. e4 e6 2. d4 d5 3. Nc3 Nf6 4. e5 Nfd7 5. f4 c5 6. Nf3 Nc6 7. Be3 Be7 8. Qd2
O-O 9. Be2 a6 10. O-O f6 11. exf6 Nxf6 12. dxc5 Qa5 13. Nd4 Bxc5 14. Nb3 Bxe3+
15. Qxe3 Qc7 16. Na4 Rb8 17. Nac5 e5 18. fxe5 Qxe5 19. Qxe5 Nxe5 20. Nd4 Nc6
21. Rad1 Re8 22. Bf3 Ne5 23. Be2 Bg4 24. Rfe1 Nc6 25. Bxg4 Rxe1+ 26. Rxe1 Nxd4
27. Be6+ Nxe6 28. Rxe6 Rc8 29. b4 Ne4 30. Nxe4 1/2-1/2

[Event "4NCL Division 3"]
[Site "Daventry Court ENG"]
[Date "2015.05.04"]
[Round "11.97"]
[White "Paterson, Andrew"]
[Black "Barnes, Michael H"]
[Result "1/2-1/2"]
[WhiteElo "1986"]
[BlackElo "2190"]
[PlyCount "102"]
[EventDate "2015.05.04"]

1. e4 c5 2. Nf3 e6 3. d4 cxd4 4. Nxd4 Nc6 5. Nc3 Qc7 6. g3 a6 7. Bg2 Nf6 8. O-O
Nxd4 9. Qxd4 Bc5 10. Bf4 d6 11. Qd2 h6 12. Rad1 e5 13. Be3 Be6 14. Bxc5 dxc5
15. Qd6 Qxd6 16. Rxd6 Ke7 17. Rb6 Kd7 18. Nd5 Bxd5 19. exd5 Kc7 20. Rb3 e4 21.
f3 exf3 22. Bxf3 Ne8 23. Bh5 Nf6 24. Bxf7 Rhf8 25. Be6 b5 26. c4 bxc4 27. Rc3
Kd6 28. Rd1 Rab8 29. Rc2 Rb4 30. Bh3 Rfb8 31. Re2 Re8 32. Re6+ Rxe6 33. dxe6+
Ke7 34. Rd2 c3 35. bxc3 Rb1+ 36. Kg2 g6 37. c4 h5 38. Kf3 Rc1 39. Rb2 Rxc4 40.
Rb7+ Ke8 41. Bf1 Re4 42. Rb6 Ke7 43. Rxa6 g5 44. Ra7+ Kxe6 45. a4 g4+ 46. Kf2
Nd5 47. Ra6+ Ke5 48. Ra8 Rb4 49. h4 gxh3 50. Bxh3 h4 51. gxh4 Rxh4 1/2-1/2

[Event "4NCL Division 3"]
[Site "Daventry Court ENG"]
[Date "2015.05.04"]
[Round "11.98"]
[White "Morley, Andrew J"]
[Black "Ingram, Keith"]
[Result "1/2-1/2"]
[WhiteElo "2103"]
[BlackElo "1993"]
[PlyCount "84"]
[EventDate "2015.05.04"]

1. e4 e5 2. Nf3 Nc6 3. Bb5 a6 4. Ba4 Nf6 5. O-O Be7 6. Re1 b5 7. Bb3 d6 8. c3
O-O 9. h3 Na5 10. Bc2 c5 11. d4 Nd7 12. Nbd2 cxd4 13. cxd4 Nc6 14. d5 Nb4 15.
Bb1 a5 16. Nf1 Nc5 17. a3 Nba6 18. b4 axb4 19. axb4 Na4 20. Bd2 Bd7 21. Qe2 Qb8
22. g4 Rc8 23. Ra3 Rc7 24. Rb3 Qb7 25. Ne3 g6 26. Kh2 Rac8 27. Bd3 Kh8 28. Rg1
Rf8 29. g5 Rcc8 30. Ng4 Bxg4 31. hxg4 Nc7 32. Kg3 Ra8 33. Rh1 Nb6 34. Qf1 Kg7
35. Qh3 Rh8 36. Nh4 Ra2 37. Be3 Nc4 38. Bb1 Re2 39. Bd3 Ra2 40. Bb1 Ra4 41. Bc1
Kg8 42. Qf1 Na6 1/2-1/2